000 00404nam a2200157Ia 4500
008 230524s9999 xx 000 0 und d
082 _a621
_bSHA
100 _aAmbica Shanmungam
245 0 _aFundamentals of Biochemistry for Medical Students
250 _a7TH
260 _aCHENNAI
_bNagaraj & Co
_c2005
300 _aXII;763
500 _aQuantity Number: 70
650 _aBiomedical
942 _cBK
999 _c10007
_d10007